फ़ुटपाथ की जबानी / (Record no. 197958)

MARC details
000 -LEADER
fixed length control field 00733nam a22001817a 4500
005 - DATE AND TIME OF LATEST TRANSACTION
control field 20230911105747.0
010 ## - LCCN (DPL NO)
LC control number HIN-125871
020 ## - INTERNATIONAL STANDARD BOOK NUMBER
International Standard Book Number 9789390872275
Terms of availability 300.00
035 ## - SYSTEM CONTROL NUMBER
System control number HN-98217
037 ## - SOURCE OF ACQUISITION
Source of stock number/acquisition DBAD/PUB.
082 ## - DEWEY DECIMAL CLASSIFICATION NUMBER
Classification number
100 ## - MAIN ENTRY--PERSONAL NAME
Personal name कैफी, हबीब
245 ## - TITLE STATEMENT
Title फ़ुटपाथ की जबानी /
Statement of responsibility, etc हबीब कैफी
260 ## - PUBLICATION, DISTRIBUTION, ETC. (IMPRINT)
Place of publication, distribution, etc नई दिल्ली
Name of publisher, distributor, etc सस्ता साहित्य मंडल प्रकाशन
Date of publication, distribution, etc 2021
270 ## - ADDRESS
Address एन-77 -पहली मंज़िल कनाट सर्कस
City नई दिल्ली
Postal code 110001
300 ## - PHYSICAL DESCRIPTION
Extent 127 पृ
Dimensions 22सेमी (सजिल्द)
942 ## - ADDED ENTRY ELEMENTS (KOHA)
Institution code [OBSOLETE] dpl
Item type Hindi Books
Source of classification or shelving scheme Dewey Decimal Classification
Classification part
Call number suffix कैफीह
Holdings
Withdrawn status Lost status Not for loan Home library Current library Date acquired Source of acquisition Cost, normal purchase price Full call number Barcode Copy number Cost, replacement price Koha item type
      Mobile Library Mobile Library 11/09/2023 DBAD/PUB 300.00 उ कैफीह HN-98217 1 300.00 Hindi Books

© Delhi Public Library
Hit Counter
free hit counter